• 首页
  • 本馆介绍
  • 公告通知
  • 最新文献
  • 馆藏检索
  • 电子资源
  • 读者导购
  • 参考咨询
  • 我的图书馆
  • 登录
  • 详细信息显示
  • 放入我的书架
  • 预约/预借图书
  • 作者相关作品
  • 分类相关作品
  • 丛书相关作品
  • 出版社相关作品

书目信息

  • 表格格式
  • 工作单格式
  • 卡片格式
题名:
谢延信
    
 
作者: 范光 著
分册:  
出版信息: 长春   吉林文史出版社  2012
页数: 128页
开本: 22cm
丛书名: 《100位新中国成立以来感动中国人物》丛书
单 册:
中图分类: K828.1=76 , K828.1
科图分类:
主题词: 矿工--生平事迹--中国--现代 , 矿工
电子资源:
ISBN: 978-7-5472-1397-1
000 00941oam2 2200289 450
001 2371471013
005 20231129021438.21
010    @a978-7-5472-1397-1@dCNY29.80
100    @a20130425d2012 em y0chiy50 ea
101 0  @achi
102    @aCN@b220000
105    @aa z 000yb
200 1  @a谢延信@Axie yan xin@f范光著
210    @a长春@c吉林文史出版社@d2012
215    @a128页@c照片@d22cm
225 2  @@a《100位新中国成立以来感动中国人物》丛书
300    @a国家出版基金项目 社会主义核心价值体系建设 “双百”出版工程项目
330    @a本书内容包括:黄河故道的情怀、天降横祸、艰难的日子、大孝至爱、困境中的阳光、感动中国等。
410  0 @12001 @a《100位新中国成立以来感动中国人物》丛书
606 0  @a矿工@x生平事迹@y中国@z现代
606 0  @a矿工
610 0  @a谢延信(1952-)
690    @aK828.1=76@v5
690    @aK828.1@v4
701  0 @a范光@Afan guang@f(1963~)@4著
801  0 @aCN@b91MARC@c20130904
905    @aZUCC@dK828.1@e15
    
    谢延信/范光著.-长春:吉林文史出版社,2012
    128页:照片;22cm.-(《100位新中国成立以来感动中国人物》丛书)
    国家出版基金项目 社会主义核心价值体系建设 “双百”出版工程项目
    
    ISBN 978-7-5472-1397-1:CNY29.80
    本书内容包括:黄河故道的情怀、天降横祸、艰难的日子、大孝至爱、困境中的阳光、感动中国等。
●
相关链接 在五车中查询图书 在当当中查询图书 在豆瓣中查询图书


正题名:谢延信     索取号:K828.1/15         预约/预借

序号 登录号 条形码 馆藏地/架位号 状态 备注
1 2001007191   2001007191   第四书库/四31架A面6层2列/ [索取号:K828.1/15] 在馆    
2 2001007192   2001007192   第四书库/四31架A面6层2列/ [索取号:K828.1/15] 在馆    
3 2001007193   2001007193   第四书库/四31架A面6层2列/ [索取号:K828.1/15] 在馆    
4 2001007194   2001007194   第四书库/四31架A面6层2列/ [索取号:K828.1/15] 在馆    
5 2001007195   2001007195   第四书库/四31架A面6层2列/ [索取号:K828.1/15] 在馆    
6 2001007196   2001007196   第四书库/四31架A面6层2列/ [索取号:K828.1/15] 在馆    
山东省滨州职业学院图书馆 欢迎您!
大连网信软件有限公司© 版权所有